Groups of Seven #3 - Statistics

General Stats
  • This quiz has been taken 89,880 times
    44,438 since last reset
  • The average score is 37 of 56
Answer Stats
Group Answer % Correct
Conjunctions represented by the acronym FANBOYS And
92%
People on U.S. paper money George Washington
91%
European countries less than 5000 sq. km Vatican City
91%
Soviet dictators Joseph Stalin
90%
Countries in the Andes Argentina
86%
Countries in the Andes Chile
86%
European countries less than 5000 sq. km Liechtenstein
86%
European capitals ending in N London
86%
European countries less than 5000 sq. km Luxembourg
86%
European countries less than 5000 sq. km Monaco
86%
Countries in the Andes Peru
86%
People on U.S. paper money Abraham Lincoln
85%
Weasley siblings Ron
85%
European countries less than 5000 sq. km San Marino
85%
European countries less than 5000 sq. km Andorra
84%
Countries in the Andes Bolivia
84%
Countries in the Andes Colombia
84%
Countries in the Andes Ecuador
83%
European capitals ending in N Berlin
82%
Soviet dictators Vladimir Lenin
82%
Conjunctions represented by the acronym FANBOYS Or
81%
Countries in the Andes Venezuela
81%
European countries less than 5000 sq. km Malta
76%
European capitals ending in N Lisbon
73%
Conjunctions represented by the acronym FANBOYS For
70%
People on U.S. paper money Benjamin Franklin
69%
European capitals ending in N Dublin
68%
European capitals ending in N Bern
67%
Weasley siblings Ginny
67%
Conjunctions represented by the acronym FANBOYS So
65%
People on U.S. paper money Thomas Jefferson
64%
Conjunctions represented by the acronym FANBOYS But
63%
European capitals ending in N Copenhagen
63%
Weasley siblings George
63%
Weasley siblings Fred
61%
Soviet dictators Mikhail Gorbachev
60%
European capitals ending in N Tallinn
59%
Conjunctions represented by the acronym FANBOYS Nor
56%
Parts of the electromagnetic spectrum Ultraviolet
56%
Conjunctions represented by the acronym FANBOYS Yet
56%
Parts of the electromagnetic spectrum Infrared
49%
Weasley siblings Percy
49%
Parts of the electromagnetic spectrum Visible
49%
Parts of the electromagnetic spectrum Gamma
46%
Soviet dictators Nikita Khrushchev
45%
People on U.S. paper money Andrew Jackson
44%
Parts of the electromagnetic spectrum X-ray
44%
People on U.S. paper money Alexander Hamilton
43%
Weasley siblings Bill
43%
Weasley siblings Charlie
41%
Parts of the electromagnetic spectrum Radio
41%
Parts of the electromagnetic spectrum Microwave
40%
People on U.S. paper money Ulysses S. Grant
37%
Soviet dictators Leonid Brezhnev
32%
Soviet dictators Yuri Andropov
19%
Soviet dictators Konstantin Chernenko
12%
No matching quizzes found
Score Distribution
Percent of People with Each Score
Percentile by Number Answered
Your Score History
You have not taken this quiz since the last reset